| 000 | 00884cai a22001815a 4500 | ||
|---|---|---|---|
| 001 | E149422 | ||
| 008 | 100304u xxk g 000 0 eng d | ||
| 035 | _a(Sirsi) u149422 | ||
| 041 | 0 | _aeng | |
| 110 | 2 |
_aRoyal Commission on the Ancient and Historical Monuments of Scotland _95593 |
|
| 245 | 0 | 4 |
_aThe national collection of aerial photography _h[electronic resource] |
| 520 | _aIncludes historical and contemporary aerial photographs of Scotland, as well as military reconnaisance images from around the world which form part of The Aerial Reconnaissance Archives (TARA). The website if free to browse, although in-depth viewing requires a subscription. | ||
| 590 | _aKA | ||
| 651 | 4 | _aInternational | |
| 690 | _aENVIRONMENTAL AND LAND CONSULTANCY-GEOMATICS | ||
| 856 | 4 | 0 |
_uhttps://aerial.rcahms.gov.uk/ _zView the website free of charge at http://aerial.rcahms.gov.uk |
| 942 | _n0 | ||
| 999 |
_c120838 _d120838 |
||